000 01235nam a2200325 i 4500
003 EG-GICUC
005 20260408183849.0
008 260408t1966 sy ||||fr|||| 000 0 ara d
040 _a EG-GICUC
_bara
_c EG-GICUC
_d EG-GICUC
_erda
041 0 _aara
082 0 4 _221
_a343.55
_bم ح . ت
092 0 4 _221
099 _aLaw1 10 343.55 م ح . ت [1966]
100 0 _aمحمد الفاضل.
245 1 2 _aالتعاون الدولى في مكافحة الإجرام /
_cمحمد الفاضل.
246 2 1 _aLa coopération internationale dans la lutte contre la criminalité.
264 1 _aدمشق :
_b[غير محدد]،
_c[1966].
300 _a604 صفحة، صفحات غير مرقمة ؛
_c24 سم.
336 _2rda content
_atext
337 _2rda media
_aComputer
338 _2rda carrier
_aOnline Resource
504 _a ببليوجرافيا: صفحات. 561-587
504 _aيشتمل على إرجاعات ببليوجرافية.
546 _aالنص باللغة العربية
650 1 _aالتعاون الدولي في مكافحة الإجرام.
_2qrmak
651 1 _2qrmak
856 4 0 _uhttps://fll.law.cu.edu.eg/fulltext/bks/B10-09242.pdf
905 _a62
942 _2ddc
_n0
_cBK
_e21
999 _c69774
_d69774